| 000 | 01182cam a22003617a 4500 | ||
|---|---|---|---|
| 003 | CHAP | ||
| 005 | 20220329140635.0 | ||
| 008 | 971013d1995 mx b r 00110 spa d | ||
| 010 | _a55198 | ||
| 011 | _a56170 | ||
| 020 | _a9688843318 | ||
| 035 | _a60323 | ||
| 040 | _cCHAP | ||
| 090 | _aFolleto 14531 | ||
| 100 | 0 | 0 |
_aZavala Chávez, Fernando. _9123771 |
| 245 | 1 | 0 |
_aEncinos y robles _b: notas fitogeográficas _c/por Fernando Zavala Chávez |
| 260 |
_aChapingo, Méx. : _bUACH, _c1995. |
||
| 300 |
_a44 p. _b; mapas |
||
| 500 | _ac.5-8 en bodega | ||
| 590 |
_aBATCH-UPD _b10 _c20130110 _lUCH01 _h1535 |
||
| 590 |
_aBATCH-UPD _b10 _c20130410 _lUCH01 _h0940 |
||
| 590 |
_aBATCH-UPD _b10 _c20130914 _lUCH01 _h1415 |
||
| 590 |
_aCONVERSION _b10 _c20130109 _lUCH01 _h1330 |
||
| 650 | 1 | 4 |
_aFitogeografía. _941157 |
| 650 | 1 | 4 |
_aQuercus. _993173 |
| 901 | _aBK | ||
| 905 | _aAlejandra Carrasco M. | ||
| 942 | _cFOLL | ||
| 949 |
_aFolleto 14531 _bBC _cFOLL _d-153097 _eTS1 _i60323 _si |
||
| 949 |
_aFolleto 14531 _bBC _cFOLL _d-153098 _eTS2 _fc.2 _i60323 _si |
||
| 949 |
_aFolleto 14531 _bBC _cFOLL _d-153099 _eTS2 _fc.3 _i60323 _si |
||
| 949 |
_aFolleto 14531 _bBC _cUACH _d-153100 _eUACH _fc.4 _i60323 _si |
||
| 999 |
_c55198 _d55198 |
||